[Event "South Wales op 19th"]
[Site "Bridgend"]
[Date "2024.07.09"]
[Round "8"]
[White "Cuenca Jimenez, Francisco Javier"]
[Black "Moyse, Nigel John"]
[Result "1-0"]
[WhiteElo "2036"]
[BlackElo "1930"]
[PlyCount "63"]
[EventDate "2024.07.05"]
[EventType "swiss"]
[EventRounds "9"]
[EventCountry "WLS"]
[SourceTitle "CBM 221 Extra"]
[Source "ChessBase"]
[SourceDate "2024.09.30"]
[SourceVersion "1"]
[SourceVersionDate "2024.09.30"]
[SourceQuality "1"]

1. c4 e5 2. g3 Nc6 3. Bg2 Bc5 4. Nc3 a6 5. e3 Ba7 6. Nge2 d6 7. 0-0 Nge7 8. d4 0-0 9. h3 Qe8 10. Nd5 Bb8 11. b3 f6 12. e4 Qh5 13. g4 Qh4 14. Be3 g5 15. Qd2 Nxd5 16. cxd5 Ne7 17. dxe5 dxe5 18. Bc5 Re8 19. Rac1 Ng6 20. f3 Bd7 21. a4 c6 22. Qb4 b5 23. dxc6 Bc8 24. axb5 axb5 25. Ra1 Rxa1 26. Rxa1 Nf4 27. Nxf4 exf4 28. Bf2 Qh6 29. Qxb5 Be5 30. Ra8 Bc7 31. Qc4+ Kh8 32. Qf7 1-0

[Event "South Wales op 19th"]
[Site "Bridgend"]
[Date "2024.07.07"]
[Round "5"]
[White "Cuenca Jimenez, Francisco Javier"]
[Black "Waterfield, Mark"]
[Result "1-0"]
[WhiteElo "2036"]
[BlackElo "1815"]
[PlyCount "125"]
[EventDate "2024.07.05"]
[EventType "swiss"]
[EventRounds "9"]
[EventCountry "WLS"]
[SourceTitle "CBM 221 Extra"]
[Source "ChessBase"]
[SourceDate "2024.09.30"]
[SourceVersion "1"]
[SourceVersionDate "2024.09.30"]
[SourceQuality "1"]

1. c4 e6 2. Nf3 d5 3. g3 Nf6 4. Bg2 c6 5. b3 Be7 6. 0-0 0-0 7. d4 Nbd7 8. Nc3 b6 9. Bb2 Ba6 10. Nd2 Rc8 11. e4 Nxe4 12. Ndxe4 dxe4 13. Nxe4 f5 14. Nc3 e5 15. d5 e4 16. dxc6 Nf6 17. Nb5 Rxc6 18. Qxd8 Rxd8 19. Nd4 Rcd6 20. Nxf5 R6d7 21. Nxe7+ Rxe7 22. Rad1 Rde8 23. Rd6 Ng4 24. h3 Nh6 25. Rfd1 Nf7 26. Rd7 Bc8 27. Rxe7 Rxe7 28. Kf1 Re8 29. Rd5 Be6 30. Rd1 Ng5 31. g4 h5 32. gxh5 Rf8 33. Ba3 Rf7 34. Rd8+ Kh7 35. Rf8 Rd7 36. Ke2 Bxh3 37. Bxh3 Nxh3 38. Ke3 Ng5 39. Re8 Rd3+ 40. Ke2 Rc3 41. Kd2 Rd3+ 42. Ke2 Rc3 43. Re7 Rc2+ 44. Ke3 Rxa2 45. Rxa7 Nf3 46. c5 bxc5 47. Bxc5 Rb2 48. Rb7 Kh6 49. b4 Kxh5 50. Rxg7 Ng5 51. Rg8 Nh7 52. Rh8 Kg6 53. Kxe4 Nf6+ 54. Kd3 Ng4 55. Rf8 Ne5+ 56. Kc3 Rb1 57. Kd4 Nd7 58. Rf3 Rd1+ 59. Rd3 Rh1 60. Kd5 Kf7 61. Kd6 Ke8 62. Kc7 Rh7 63. Re3+ 1-0

[Event "Andalucia-chT Honor Oriental"]
[Site "Andalucia"]
[Date "2018.11.18"]
[Round "7.22"]
[White "Cuenca Jimenez, Francisco Javier"]
[Black "Guerra Rivera, Salvador"]
[Result "0-1"]
[WhiteElo "2171"]
[BlackElo "2340"]
[PlyCount "68"]
[EventDate "2018.09.30"]
[EventType "team-tourn"]
[EventRounds "7"]
[EventCountry "ESP"]
[SourceTitle "EXT 2020"]
[Source "ChessBase"]
[SourceDate "2019.10.17"]
[SourceVersion "1"]
[SourceVersionDate "2019.10.17"]
[SourceQuality "1"]
[WhiteTeam "Nazari"]
[BlackTeam "Metro"]
[WhiteTeamCountry "ESP"]
[BlackTeamCountry "ESP"]

1. c4 e5 2. g3 Nf6 3. Bg2 c6 4. Nf3 e4 5. Nd4 d5 6. cxd5 Qxd5 7. Nc2 Qh5 8. h3 Bc5 9. b4 Bb6 10. Bb2 Nbd7 11. Nc3 Qg6 12. Ne3 0-0 13. Qc2 Re8 14. a4 a5 15. b5 Nc5 16. Ba3 Bd7 17. Bxc5 Bxc5 18. bxc6 Bxc6 19. 0-0 Rac8 20. Qb3 Rcd8 21. Rfd1 h5 22. Rac1 b6 23. Kh2 h4 24. g4 Qg5 25. Kg1 Qf4 26. Nb5 Bxb5 27. Qxb5 Rxd2 28. Rxd2 Bxe3 29. Rd5 Qxf2+ 30. Kh1 Bxc1 31. Rf5 Bf4 32. e3 Qe1+ 33. Bf1 Re5 34. Qc4 Qxe3 0-1

[Event "Capablanca Memorial op 51st"]
[Site "Varadero"]
[Date "2016.06.10"]
[Round "2"]
[White "Cuenca Jimenez, Francisco Javier"]
[Black "Bobadilla Viera, Jorge Samuel"]
[Result "1/2-1/2"]
[WhiteElo "2173"]
[BlackElo "2256"]
[PlyCount "69"]
[EventDate "2016.06.09"]
[EventType "swiss"]
[EventRounds "10"]
[EventCountry "CUB"]
[SourceTitle "EXT 2017"]
[Source "ChessBase"]
[SourceDate "2016.10.25"]
[SourceVersion "1"]
[SourceVersionDate "2016.10.25"]
[SourceQuality "1"]

1. c4 Nf6 2. g3 g6 3. Bg2 Bg7 4. Nc3 0-0 5. e4 d6 6. Nge2 c5 7. d3 Nc6 8. a3 e5 9. 0-0 Be6 10. Nd5 Nd7 11. Rb1 f5 12. b4 Rc8 13. f4 fxe4 14. dxe4 Nd4 15. Nxd4 cxd4 16. Qd3 Nb6 17. f5 gxf5 18. exf5 Bxd5 19. cxd5 Rc3 20. Qd1 Nc4 21. Qh5 Ne3 22. Bxe3 Rxe3 23. Rf3 Rxf3 24. Bxf3 Qf6 25. Be4 Rc8 26. h4 Rc3 27. Kg2 Re3 28. Qg4 h5 29. Qxh5 Rxe4 30. Rc1 Bf8 31. Rc7 Bg7 32. Rc8+ Bf8 33. Rc7 Bg7 34. Rc8+ Bf8 35. Rc7 1/2-1/2

[Event "ESP-ch 80th"]
[Site "Linares"]
[Date "2015.08.31"]
[Round "9"]
[White "Cuenca Jimenez, Francisco Javier"]
[Black "Jimenez Villena, Francisco Jose"]
[Result "0-1"]
[WhiteElo "2210"]
[BlackElo "2116"]
[PlyCount "74"]
[EventDate "2015.08.23"]
[EventType "swiss"]
[EventRounds "9"]
[EventCountry "ESP"]
[SourceTitle "EXT 2016"]
[Source "ChessBase"]
[SourceDate "2015.10.08"]
[SourceVersion "1"]
[SourceVersionDate "2015.10.08"]
[SourceQuality "1"]

1. c4 f5 2. g3 Nf6 3. Bg2 e5 4. Nc3 Bc5 5. d3 0-0 6. e3 c6 7. Nge2 d6 8. 0-0 a5 9. a3 Nbd7 10. Rb1 Bb6 11. b4 axb4 12. axb4 Kh8 13. d4 Bc7 14. Qc2 e4 15. Nf4 Qe8 16. h4 h6 17. Bb2 g5 18. hxg5 hxg5 19. Nh3 Qh5 20. Qe2 Qh6 21. Ra1 Rb8 22. c5 d5 23. b5 Rf7 24. b6 Bd8 25. Rfb1 Nf8 26. Bc1 N6h7 27. Kf1 f4 28. exf4 Bxh3 29. fxg5 Nxg5 30. Bxg5 Bxg5 31. Bxh3 Qxh3+ 32. Ke1 Ne6 33. Rb4 Rbf8 34. Nd1 e3 35. Nxe3 Bxe3 36. Qxe3 Qh1+ 37. Ke2 Rxf2+ 0-1

[Event "Granada Nazari 1st op"]
[Site "Granada"]
[Date "2014.04.18"]
[Round "4.2"]
[White "Jimenez Chacon, Francisco"]
[Black "Cuenca Jimenez, Francisco Javier"]
[Result "0-1"]
[WhiteElo "1941"]
[BlackElo "2154"]
[PlyCount "61"]
[EventDate "2014.04.15"]
[EventType "swiss"]
[EventRounds "7"]
[EventCountry "ESP"]
[SourceTitle "EXT 2024"]
[Source "ChessBase"]
[SourceDate "2023.10.10"]
[SourceVersion "1"]
[SourceVersionDate "2023.10.10"]
[SourceQuality "1"]
[WhiteTeam "International Comb"]
[BlackTeam "Granada Comb"]
[WhiteTeamCountry "ESP"]
[BlackTeamCountry "ESP"]

1. e4 d6 2. d4 g6 3. f4 Bg7 4. Nf3 a6 5. Bd3 b5 6. Be3 c5 7. c3 Nd7 8. 0-0 Ngf6 9. h3 0-0 10. Nbd2 Bb7 11. Qe1 Re8 12. Qh4 e6 13. Rae1 Rc8 14. g4 cxd4 15. cxd4 d5 16. e5 Ne4 17. Qxd8 Rexd8 18. Rc1 Nb6 19. f5 Nc4 20. Nxc4 dxc4 21. Bb1 Ng3 22. Rf2 Bxf3 23. Rxf3 Ne2+ 24. Kf2 Nxc1 25. Bxc1 Rxd4 26. Be3 Rd1 27. Bc2 Ra1 28. f6 Rxa2 29. Be4 Bf8 30. Bd4 Bc5 31. Ke3 0-1

[Event "Andorra op 31st"]
[Site "La Massana"]
[Date "2013.07.26"]
[Round "7"]
[White "Cuenca Jimenez, Francisco Javier"]
[Black "Burg, Twan"]
[Result "0-1"]
[WhiteElo "2186"]
[BlackElo "2479"]
[PlyCount "108"]
[EventDate "2013.07.20"]
[EventType "swiss"]
[EventRounds "9"]
[EventCountry "AND"]
[SourceTitle "CBM 155 Extra"]
[Source "ChessBase"]
[SourceDate "2013.08.26"]
[SourceVersion "1"]
[SourceVersionDate "2013.08.26"]
[SourceQuality "1"]

1. c4 e5 2. g3 Nf6 3. Bg2 Nc6 4. Nc3 Bc5 5. e3 d6 6. Nge2 a6 7. 0-0 0-0 8. d4 Ba7 9. h3 Re8 10. d5 Ne7 11. e4 Bd7 12. a4 c6 13. dxc6 Bxc6 14. b4 Qc7 15. Bg5 Bd7 16. Rc1 Kh8 17. Bxf6 gxf6 18. g4 Rac8 19. Qd3 Qxc4 20. Qxd6 Be6 21. Rfd1 Rc6 22. Qd3 Qxd3 23. Rxd3 Bc4 24. Rd7 Rb6 25. b5 axb5 26. Nxb5 Be6 27. Rxe7 Rxe7 28. Nxa7 Ra6 29. Nb5 Rxa4 30. Nbc3 Ra3 31. Nd5 Rd7 32. Rb1 Kg7 33. Ng3 Kg6 34. Nf1 Kg5 35. Nfe3 Ra5 36. Kh2 Rc5 37. Ra1 Rd8 38. Kg3 Rb8 39. Rb1 b5 40. Rb4 Kg6 41. Bf1 Bd7 42. Nd1 Ra8 43. Rb3 Ra1 44. Be2 Rc2 45. Bf3 Rd2 46. N5c3 Rd3 47. Nb2 Rb1 48. Nxd3 Rxb3 49. Nc5 Rxc3 50. Nxd7 b4 51. Nb6 b3 52. Nd5 Rd3 53. Nb4 Rxf3+ 54. Kxf3 b2 0-1

[Event "ESP-ch Universities"]
[Site "Badajoz"]
[Date "2013.04.19"]
[Round "9"]
[White "Cuenca Jimenez, Francisco Javier"]
[Black "Pallardo Lozoya, Jose Vicente"]
[Result "0-1"]
[WhiteElo "2186"]
[BlackElo "2360"]
[PlyCount "43"]
[EventDate "2013.04.17"]
[EventType "swiss"]
[EventRounds "9"]
[EventCountry "ESP"]
[SourceTitle "CBM 154 Extra"]
[Source "ChessBase"]
[SourceDate "2013.06.25"]
[SourceVersion "2"]
[SourceVersionDate "2013.06.25"]
[SourceQuality "1"]

1. c4 c6 2. Nf3 d5 3. b3 Nf6 4. g3 Bf5 5. Bg2 h6 6. 0-0 e6 7. Bb2 Be7 8. d3 0-0 9. Nbd2 Qb6 10. h3 a5 11. a3 Rd8 12. Qc2 d4 13. Rac1 Na6 14. Rfd1 Bc5 15. g4 Bh7 16. Nf1 Re8 17. N3d2 Rad8 18. Ng3 Bf8 19. Rb1 Qc7 20. Bc1 Bd6 21. Nde4 Nxe4 22. Nxe4 0-1

[Event "ESP-ch Universities"]
[Site "Badajoz"]
[Date "2013.04.17"]
[Round "2"]
[White "Cuenca Jimenez, Francisco Javier"]
[Black "Camacho Collados, Marcos"]
[Result "0-1"]
[WhiteElo "2186"]
[BlackElo "2425"]
[PlyCount "50"]
[EventDate "2013.04.17"]
[EventType "swiss"]
[EventRounds "9"]
[EventCountry "ESP"]
[SourceTitle "CBM 154 Extra"]
[Source "ChessBase"]
[SourceDate "2013.06.25"]
[SourceVersion "2"]
[SourceVersionDate "2013.06.25"]
[SourceQuality "1"]

1. g3 d5 2. c4 e6 3. Nf3 Nf6 4. b3 Bd6 5. Bb2 0-0 6. Bg2 Nbd7 7. 0-0 c6 8. d4 Ne4 9. Nbd2 f5 10. Ne5 Nxe5 11. dxe5 Bc5 12. Nxe4 fxe4 13. e3 b6 14. Qg4 Qe7 15. h4 Bd7 16. Bh3 Rf3 17. a3 a5 18. h5 Raf8 19. Bg2 R3f5 20. h6 Rg5 21. Qh4 gxh6 22. Qxh6 Rff5 23. Qh4 Qg7 24. Bh3 Rh5 25. Qd8+ Rf8 0-1

[Event "ESP-ch 77th"]
[Site "San Agustin"]
[Date "2012.10.03"]
[Round "5"]
[White "Cuenca Jimenez, Francisco Javier"]
[Black "De Prado Rodriguez, Oscar Bruno"]
[Result "1-0"]
[WhiteElo "2177"]
[BlackElo "2283"]
[PlyCount "93"]
[EventDate "2012.09.29"]
[EventType "swiss"]
[EventRounds "9"]
[EventCountry "ESP"]
[SourceTitle "EXT 2014"]
[Source "ChessBase"]
[SourceDate "2013.11.20"]
[SourceVersion "1"]
[SourceVersionDate "2013.11.20"]
[SourceQuality "1"]

1. c4 f5 2. g3 Nf6 3. d3 d6 4. Bg2 e5 5. Nc3 Be7 6. e4 c6 7. Nge2 fxe4 8. dxe4 0-0 9. 0-0 Be6 10. b3 Na6 11. h3 Qd7 12. Kh2 b5 13. cxb5 cxb5 14. Bg5 Ng4+ 15. hxg4 Bxg5 16. f4 exf4 17. gxf4 Bd8 18. f5 Bf7 19. e5 Qe7 20. Bxa8 Qxe5+ 21. Kg2 b4 22. Na4 Nc7 23. Bf3 Bf6 24. Qd3 Nd5 25. Qe4 Ne3+ 26. Kh3 Qxe4 27. Bxe4 h5 28. g5 Bxa1 29. Rxa1 d5 30. Bd3 g6 31. Nf4 gxf5 32. g6 Be8 33. Nc5 Rf6 34. Rg1 Rc6 35. Rg3 d4 36. Nce6 Rc1 37. Kh4 Rh1+ 38. Kg5 h4 39. Rh3 Rg1+ 40. Kf6 Ng4+ 41. Kxf5 Nf2 42. Rf3 Ng4 43. Bc4 Ne3+ 44. Kf6 Nxc4 45. bxc4 Bd7 46. Ng5 Rg4 47. Nd5 1-0

[Event "ESP-ch 77th"]
[Site "San Agustin"]
[Date "2012.10.02"]
[Round "4"]
[White "Cuenca Jimenez, Francisco Javier"]
[Black "Alarcon Olmos, Daniel"]
[Result "1-0"]
[WhiteElo "2177"]
[BlackElo "1901"]
[PlyCount "95"]
[EventDate "2012.09.29"]
[EventType "swiss"]
[EventRounds "9"]
[EventCountry "ESP"]
[SourceTitle "EXT 2014"]
[Source "ChessBase"]
[SourceDate "2013.11.20"]
[SourceVersion "1"]
[SourceVersionDate "2013.11.20"]
[SourceQuality "1"]

1. c4 g6 2. g3 Bg7 3. Bg2 d6 4. Nc3 e5 5. e4 Nc6 6. Nge2 h5 7. h4 Nh6 8. d3 0-0 9. Rb1 Be6 10. Nd5 f5 11. Bg5 Qd7 12. 0-0 Nd4 13. Nxd4 exd4 14. Ne7+ Kh7 15. exf5 Nxf5 16. Nxf5 Bxf5 17. Bxb7 Rae8 18. Bg2 Qe6 19. Qd2 Qe2 20. Rbd1 Re5 21. f3 Rfe8 22. Qc1 R5e6 23. Bf4 Be5 24. Bxe5 Rxe5 25. Qd2 Re3 26. Qa5 Rxd3 27. Rde1 Rd2 28. Qxc7+ Kh6 29. Rxe2 Rexe2 30. Bh1 Bh3 31. g4 hxg4 32. fxg4 Bxf1 33. g5+ Kh5 34. Bf3+ Kxh4 35. Bxe2 Bxe2 36. Qxd6 Rd1+ 37. Kf2 d3 38. Qxg6 Rf1+ 39. Ke3 Rf3+ 40. Kd2 Rg3 41. c5 Bf1 42. Qh6+ Kg4 43. g6 Rg2+ 44. Kd1 Be2+ 45. Ke1 Bf3 46. g7 Bd5 47. Qg6+ Kf3 48. Qxd3+ 1-0

[Event "La Roda op 37th"]
[Site "La Roda"]
[Date "2010.04.02"]
[Round "5"]
[White "Guerra Bastida, Diego"]
[Black "Cuenca Jimenez, Francisco Javier"]
[Result "1-0"]
[WhiteElo "2432"]
[BlackElo "2205"]
[PlyCount "125"]
[EventDate "2010.03.31"]
[EventType "swiss"]
[EventRounds "9"]
[EventCountry "ESP"]
[SourceTitle "CBM 135 Extra"]
[Source "ChessBase"]
[SourceDate "2010.05.04"]
[SourceVersion "1"]
[SourceVersionDate "2010.05.04"]
[SourceQuality "1"]

1. e4 d6 2. d4 Nf6 3. Nc3 e5 4. Nf3 Nbd7 5. Bc4 Be7 6. 0-0 0-0 7. Qe2 c6 8. a4 b6 9. Rd1 Qc7 10. d5 Bb7 11. dxc6 Bxc6 12. Bg5 Rac8 13. Ba6 Bb7 14. Bxb7 Qxb7 15. Bxf6 Nxf6 16. Nd5 Nxd5 17. Rxd5 Qc6 18. c3 f5 19. Qb5 fxe4 20. Nd2 Rf4 21. Qxc6 Rxc6 22. g3 Rg4 23. h3 Rg6 24. Nxe4 Rc4 25. Nd2 Rc5 26. Rxc5 dxc5 27. Ne4 Rc6 28. Rd1 Rc7 29. Rd5 Bf6 30. a5 Kf7 31. axb6 axb6 32. Rd6 b5 33. Rb6 b4 34. cxb4 c4 35. b5 Be7 36. Kf1 Rd7 37. Rc6 Rd1+ 38. Kg2 Rb1 39. Rxc4 Rxb2 40. Rc7 Ke6 41. Rb7 Rb4 42. Kf3 Rb3+ 43. Ke2 Rb4 44. Kd3 Rb3+ 45. Kc2 Rb4 46. f3 Rc4+ 47. Kb3 Rb4+ 48. Kc3 Ra4 49. b6 Ra3+ 50. Kb2 Rxf3 51. Rb8 Kd5 52. Nc3+ Kc6 53. Rc8+ Kxb6 54. Nd5+ Kb5 55. Nxe7 Rxg3 56. Rc3 Rxc3 57. Kxc3 g5 58. Kd3 h5 59. Nf5 g4 60. h4 Kc5 61. Ke4 Kc4 62. Ng3 Kc5 63. Nxh5 1-0

[Event "Malaga op 13th"]
[Site "Malaga"]
[Date "2010.02.26"]
[Round "8"]
[White "Cuenca Jimenez, Francisco Javier"]
[Black "Rodriguez Perez, Angel Mariano"]
[Result "1/2-1/2"]
[WhiteElo "2205"]
[BlackElo "2089"]
[PlyCount "104"]
[EventDate "2010.02.20"]
[EventType "swiss"]
[EventRounds "9"]
[EventCountry "ESP"]
[SourceTitle "CBM 135 Extra"]
[Source "ChessBase"]
[SourceDate "2010.05.04"]
[SourceVersion "1"]
[SourceVersionDate "2010.05.04"]
[SourceQuality "1"]

1. c4 d6 2. g3 g6 3. Bg2 Bg7 4. Nc3 Nf6 5. e4 c5 6. Nge2 0-0 7. d3 Nc6 8. a3 Rb8 9. Rb1 a5 10. 0-0 Ne8 11. Be3 Nd4 12. b4 Bg4 13. f3 Bd7 14. h3 b6 15. Qd2 Nc7 16. Bh6 e5 17. Nxd4 cxd4 18. Ne2 b5 19. Bxg7 Kxg7 20. cxb5 Nxb5 21. bxa5 Nxa3 22. Ra1 Nb5 23. f4 f6 24. g4 h6 25. Bf3 Qc7 26. h4 Rfc8 27. g5 fxg5 28. hxg5 Qc2 29. gxh6+ Kxh6 30. Qe1 Kg7 31. Qh4 Rf8 32. f5 Rf6 33. Rad1 Rh8 34. Qg5 Nc3 35. Rd2 Nxe2+ 36. Bxe2 Qc3 37. Bg4 Qxa5 38. fxg6 Rxf1+ 39. Kxf1 Qd8 40. Qxd8 Rxd8 41. Bf5 Bxf5 42. exf5 d5 43. Rf2 e4 44. Ke2 Kf6 45. Rf4 Re8 46. Rf1 Ra8 47. Rf4 Re8 48. Rf1 Re5 49. Rf4 Re7 50. Rf1 Re8 51. Rf4 Kg5 52. Rf1 Kf6 1/2-1/2

[Event "Malaga op 13th"]
[Site "Malaga"]
[Date "2010.02.25"]
[Round "7"]
[White "Ramos Cantos, Juan Jesus"]
[Black "Cuenca Jimenez, Francisco Javier"]
[Result "0-1"]
[WhiteElo "1921"]
[BlackElo "2205"]
[PlyCount "70"]
[EventDate "2010.02.20"]
[EventType "swiss"]
[EventRounds "9"]
[EventCountry "ESP"]
[SourceTitle "CBM 135 Extra"]
[Source "ChessBase"]
[SourceDate "2010.05.04"]
[SourceVersion "1"]
[SourceVersionDate "2010.05.04"]
[SourceQuality "1"]

1. e4 d5 2. exd5 Nf6 3. Nf3 Qxd5 4. Nc3 Qd8 5. Bc4 e6 6. 0-0 Be7 7. d4 Nbd7 8. Be3 Nb6 9. Bd3 Nbd5 10. Nxd5 exd5 11. Ne5 0-0 12. f4 Ne4 13. Bxe4 dxe4 14. c3 c6 15. f5 f6 16. Qb3+ Qd5 17. c4 Qd6 18. c5+ Qd5 19. Nc4 Kh8 20. Nd2 g6 21. g4 Rd8 22. Rf4 gxf5 23. gxf5 Bxf5 24. Qxb7 Rg8+ 25. Kf2 Rae8 26. Qc7 Bg6 27. b3 f5 28. Rd1 Bg5 29. Nc4 Bh5 30. Rd2 Bg4 31. Ne5 Re7 32. Qxc6 Rxe5 33. Qc7 Bxf4 34. dxe5 Bxe3+ 35. Kxe3 f4+ 0-1

[Event "Malaga op 13th"]
[Site "Malaga"]
[Date "2010.02.22"]
[Round "4"]
[White "Cuenca Jimenez, Francisco Javier"]
[Black "Jimenez Ruiz, Jose Carlos"]
[Result "1/2-1/2"]
[WhiteElo "2205"]
[BlackElo "1979"]
[PlyCount "118"]
[EventDate "2010.02.20"]
[EventType "swiss"]
[EventRounds "9"]
[EventCountry "ESP"]
[SourceTitle "CBM 135 Extra"]
[Source "ChessBase"]
[SourceDate "2010.05.04"]
[SourceVersion "1"]
[SourceVersionDate "2010.05.04"]
[SourceQuality "1"]

1. c4 d6 2. g3 g6 3. Bg2 Bg7 4. Nc3 e5 5. e4 Nc6 6. Nge2 Nge7 7. 0-0 0-0 8. d3 Be6 9. Be3 Nd4 10. Qd2 f5 11. f4 c6 12. Rae1 Qc7 13. b3 Rae8 14. Kh1 Kh8 15. Bg1 Qa5 16. Rd1 Nxe2 17. Nxe2 Qxd2 18. Rxd2 a6 19. d4 fxe4 20. dxe5 dxe5 21. Bxe4 Bg4 22. Bc5 Rf7 23. Kg2 Nf5 24. fxe5 Bxe5 25. Bf3 Bxf3+ 26. Rxf3 Kg7 27. Rfd3 Bc7 28. Bf2 h5 29. Nd4 Nd6 30. Nf3 Ne4 31. Bd4+ Kg8 32. Re2 Rfe7 33. Rde3 Bd6 34. Ne5 Bxe5 35. Rxe4 Bd6 36. Rxe7 Rxe7 37. Rxe7 Bxe7 38. Kf3 Kf7 39. Ke4 Ke6 40. h3 Bd6 41. g4 hxg4 42. hxg4 Bg3 43. Bb6 Be5 44. Bd8 Bb2 45. Bc7 Bc3 46. a3 b5 47. a4 bxa4 48. bxa4 Bb2 49. Bb6 Bc3 50. Be3 Bb2 51. Bf2 Be5 52. Bd4 Bg3 53. Be3 Be5 54. Bd4 Bg3 55. Bg7 Bd6 56. Kd4 Ba3 57. Kc3 Bd6 58. Kd4 Ba3 59. Bh6 Be7 1/2-1/2

[Event "Malaga op 13th"]
[Site "Malaga"]
[Date "2010.02.21"]
[Round "3"]
[White "Bolle, Leendert"]
[Black "Cuenca Jimenez, Francisco Javier"]
[Result "1/2-1/2"]
[WhiteElo "1948"]
[BlackElo "2205"]
[PlyCount "51"]
[EventDate "2010.02.20"]
[EventType "swiss"]
[EventRounds "9"]
[EventCountry "ESP"]
[SourceTitle "CBM 135 Extra"]
[Source "ChessBase"]
[SourceDate "2010.05.04"]
[SourceVersion "1"]
[SourceVersionDate "2010.05.04"]
[SourceQuality "1"]

1. e4 d5 2. exd5 Nf6 3. d4 Bg4 4. Nf3 Qxd5 5. Be2 e6 6. c4 Bb4+ 7. Bd2 Bxd2+ 8. Nbxd2 Qa5 9. 0-0 c6 10. h3 Bh5 11. Ne5 Bxe2 12. Qxe2 0-0 13. Ndf3 Nbd7 14. Rfd1 Rad8 15. b3 Qc7 16. b4 b6 17. a4 a6 18. Rac1 Qb7 19. b5 Nxe5 20. dxe5 Nd7 21. Nd4 axb5 22. axb5 cxb5 23. cxb5 Nc5 24. Nc6 Ra8 25. Ra1 h6 26. Qc4 1/2-1/2

[Event "Malaga op 13th"]
[Site "Malaga"]
[Date "2010.02.20"]
[Round "1"]
[White "Rodriguez Fenoy, Inmaculada"]
[Black "Cuenca Jimenez, Francisco Javier"]
[Result "0-1"]
[WhiteElo "1688"]
[BlackElo "2205"]
[PlyCount "64"]
[EventDate "2010.02.20"]
[EventType "swiss"]
[EventRounds "9"]
[EventCountry "ESP"]
[SourceTitle "CBM 135 Extra"]
[Source "ChessBase"]
[SourceDate "2010.05.04"]
[SourceVersion "1"]
[SourceVersionDate "2010.05.04"]
[SourceQuality "1"]

1. d4 Nf6 2. c4 c5 3. d5 b5 4. cxb5 a6 5. Nc3 axb5 6. Bf4 b4 7. Nb5 d6 8. a3 Qa5 9. e3 bxa3+ 10. Qd2 axb2 11. Rxa5 b1Q+ 12. Ke2 Ba6 13. Kf3 Qe4+ 14. Ke2 Nxd5 15. Ke1 Qb1+ 16. Qd1 Qb4+ 17. Qd2 Nc6 18. Nxd6+ exd6 19. Rxa6 Qb1+ 20. Qd1 Qxd1+ 21. Kxd1 Rxa6 22. Bxa6 Nxf4 23. exf4 Be7 24. Bb5 Kd7 25. Ne2 Rb8 26. Nc3 Bf6 27. Bxc6+ Kxc6 28. Kc2 Bxc3 29. Kxc3 d5 30. Re1 d4+ 31. Kc4 Rb2 32. Re5 Rc2+ 0-1

[Event "ESP-ch 74th"]
[Site "Palma de Mallorca"]
[Date "2009.09.27"]
[Round "2"]
[White "Cuenca Jimenez, Francisco Javier"]
[Black "Cuenca Jimenez, Jose Fernando"]
[Result "0-1"]
[WhiteElo "2189"]
[BlackElo "2460"]
[PlyCount "78"]
[EventDate "2009.09.26"]
[EventType "swiss"]
[EventRounds "9"]
[EventCountry "ESP"]
[SourceTitle "CBM 132 Extra"]
[Source "ChessBase"]
[SourceDate "2009.11.03"]
[SourceVersion "1"]
[SourceVersionDate "2009.11.03"]
[SourceQuality "1"]

1. e4 e5 2. Nc3 Bc5 3. Bc4 Nf6 4. d3 0-0 5. Bg5 c6 6. Qf3 Be7 7. Nge2 d6 8. h3 b5 9. Bb3 Nbd7 10. Ng3 Nc5 11. Nf5 Bxf5 12. Qxf5 a5 13. Bxf6 Bxf6 14. a4 b4 15. Ne2 Nxb3 16. cxb3 g6 17. Qf3 Qe7 18. 0-0 c5 19. g4 Bg5 20. Ng3 Qe6 21. Qd1 h5 22. f3 Be3+ 23. Kg2 h4 24. Ne2 d5 25. Qc2 Rad8 26. Rad1 Rd7 27. Ng1 Qd6 28. Rfe1 Bg5 29. Ne2 Rfd8 30. Ng1 Qc6 31. Ne2 dxe4 32. dxe4 Rd2 33. Rxd2 Rxd2 34. Qc4 Qd6 35. Qb5 Qd3 36. Qxd3 Rxd3 37. Nc1 Rd2+ 38. Re2 Rd1 39. Rc2 Rxc1 0-1

[Event "Malaga op 12th"]
[Site "Malaga"]
[Date "2009.07.17"]
[Round "8"]
[White "Mogranzini, Roberto"]
[Black "Cuenca Jimenez, Francisco Javier"]
[Result "1-0"]
[WhiteElo "2415"]
[BlackElo "2174"]
[PlyCount "65"]
[EventDate "2009.07.11"]
[EventType "swiss"]
[EventRounds "9"]
[EventCountry "ESP"]
[SourceTitle "CBM 131 Extra"]
[Source "ChessBase"]
[SourceDate "2009.09.03"]
[SourceVersion "2"]
[SourceVersionDate "2009.09.16"]
[SourceQuality "1"]

1. e4 d5 2. exd5 Nf6 3. Bb5+ Bd7 4. Be2 Nxd5 5. d4 Bf5 6. Nf3 e6 7. 0-0 Be7 8. a3 0-0 9. c4 Nb6 10. Nc3 a5 11. h3 Na6 12. Be3 h6 13. Rc1 Qe8 14. c5 Nd5 15. Nxd5 exd5 16. Qb3 Qd7 17. Ne5 Qe6 18. Qxb7 Nxc5 19. Qc6 f6 20. Bf3 Ne4 21. Ng6 Rfe8 22. Nxe7+ Qxe7 23. Qxd5+ Qe6 24. Qxe6+ Rxe6 25. Rxc7 Rb8 26. Ra7 Rxb2 27. Rc1 Re8 28. Rcc7 Rb1+ 29. Kh2 Ng5 30. Rxg7+ Kh8 31. Bxg5 fxg5 32. Rgf7 Rb5 33. Bc6 1-0

[Event "Malaga op 12th"]
[Site "Malaga"]
[Date "2009.07.16"]
[Round "7"]
[White "Cuenca Jimenez, Francisco Javier"]
[Black "Cruz Ravina, Francisco Javier"]
[Result "1/2-1/2"]
[WhiteElo "2174"]
[BlackElo "2345"]
[PlyCount "39"]
[EventDate "2009.07.11"]
[EventType "swiss"]
[EventRounds "9"]
[EventCountry "ESP"]
[SourceTitle "CBM 131 Extra"]
[Source "ChessBase"]
[SourceDate "2009.09.03"]
[SourceVersion "2"]
[SourceVersionDate "2009.09.16"]
[SourceQuality "1"]

1. c4 c6 2. Nf3 Nf6 3. g3 g6 4. b3 Bg7 5. Bb2 0-0 6. Bg2 d5 7. 0-0 Bg4 8. d4 Bxf3 9. Bxf3 Re8 10. Nd2 Nbd7 11. e4 dxe4 12. Nxe4 Nxe4 13. Bxe4 Nc5 14. Bg2 Ne6 15. d5 Bxb2 16. Rb1 cxd5 17. cxd5 Nc7 18. Rxb2 Qd6 19. Rd2 Red8 20. Qe2 1/2-1/2

[Event "Malaga op 12th"]
[Site "Malaga"]
[Date "2009.07.13"]
[Round "4"]
[White "Cuenca Jimenez, Francisco Javier"]
[Black "Cuenca Jimenez, Jose Fernando"]
[Result "0-1"]
[WhiteElo "2174"]
[BlackElo "2440"]
[PlyCount "52"]
[EventDate "2009.07.11"]
[EventType "swiss"]
[EventRounds "9"]
[EventCountry "ESP"]
[SourceTitle "CBM 131 Extra"]
[Source "ChessBase"]
[SourceDate "2009.09.03"]
[SourceVersion "2"]
[SourceVersionDate "2009.09.16"]
[SourceQuality "1"]

1. g3 e5 2. c4 Nf6 3. Bg2 c6 4. d4 exd4 5. Qxd4 d5 6. cxd5 cxd5 7. Nf3 Nc6 8. Qd1 Bc5 9. 0-0 0-0 10. Nbd2 Re8 11. Nb3 Bb6 12. Nfd4 h6 13. e3 Bg4 14. f3 Bd7 15. Re1 Ne5 16. a4 a6 17. a5 Ba7 18. Bd2 Nd3 19. Re2 Nxb2 20. Qb1 Nc4 21. Bc1 Rc8 22. Bf1 Qe7 23. Bd2 Qd6 24. Re1 Nxd2 25. Nxd2 Rxe3 26. Rxe3 Bxd4 0-1